[Event "CHN-chTB"]
[Site "Hefei"]
[Date "2023.04.19"]
[Round "5"]
[White "Sun, Chao"]
[Black "Zhao, Zhouqiao"]
[Result "1/2-1/2"]
[WhiteElo "2130"]
[BlackElo "2194"]
[PlyCount "64"]
[EventDate "2023.04.17"]
[EventType "team-swiss"]
[EventRounds "9"]
[EventCountry "CHN"]
[SourceTitle "EXT 2024"]
[Source "ChessBase"]
[SourceDate "2023.10.10"]
[SourceVersion "1"]
[SourceVersionDate "2023.10.10"]
[SourceQuality "1"]
[WhiteTeam "Wuxi High Level"]
[BlackTeam "Chongqing Qilin"]
[WhiteTeamCountry "CHN"]
[BlackTeamCountry "CHN"]

1. c4 c6 2. Nf3 d5 3. e3 g6 4. Nc3 Bg7 5. d4 Nf6 6. Bd3 0-0 7. 0-0 Bg4 8. h3 Bxf3 9. Qxf3 Re8 10. Rd1 e6 11. e4 dxe4 12. Bxe4 Nbd7 13. Be3 Qe7 14. Bc2 Rac8 15. Rab1 Qf8 16. Qe2 Bh6 17. b4 e5 18. Bxh6 Qxh6 19. dxe5 Rxe5 20. Qf3 Re7 21. c5 Qg5 22. Rd4 Rce8 23. Bb3 Re1+ 24. Rxe1 Rxe1+ 25. Kh2 Qe5+ 26. Qf4 Qxf4+ 27. Rxf4 Kg7 28. Rd4 a5 29. a3 Ra1 30. Ba2 axb4 31. axb4 Re1 32. Rd2 Kf8 1/2-1/2

[Event "CHN-chT"]
[Site "Liaocheng"]
[Date "2021.10.28"]
[Round "9.4"]
[White "Zhao, Zhouqiao"]
[Black "Kong, Xiangrui"]
[Result "1-0"]
[WhiteElo "2194"]
[BlackElo "1944"]
[PlyCount "141"]
[EventDate "2021.10.20"]
[EventType "team-swiss"]
[EventRounds "9"]
[EventCountry "CHN"]
[SourceTitle "CBM 204 Extra"]
[Source "ChessBase"]
[SourceDate "2021.11.30"]
[SourceVersion "1"]
[SourceVersionDate "2021.11.30"]
[SourceQuality "1"]
[WhiteTeam "Tianjin"]
[BlackTeam "Qingdao"]
[WhiteTeamCountry "CHN"]
[BlackTeamCountry "CHN"]

1. d4 d5 2. Nf3 Nf6 3. c4 c6 4. e3 e6 5. Nbd2 c5 6. cxd5 exd5 7. b3 Nc6 8. Bb2 Bd6 9. dxc5 Bxc5 10. Rc1 Bd6 11. Bb5 0-0 12. 0-0 Bd7 13. Nc4 dxc4 14. Qxd6 cxb3 15. Bxf6 gxf6 16. axb3 a6 17. Bd3 Bg4 18. Qg3 Qxd3 19. Qxg4+ Kh8 20. Qf4 Qg6 21. Rc5 Rfe8 22. g3 Rad8 23. b4 Rd7 24. b5 axb5 25. Rxb5 Nd8 26. Nh4 Qg7 27. Rfb1 Re6 28. Nf5 Qf8 29. Nd4 Red6 30. Qh4 Qg8 31. Kg2 Qg6 32. Rc1 Nc6 33. Nxc6 Rxc6 34. Rxb7 Rxc1 35. Rxd7 Rc8 36. Rd6 Qg5 37. Qd4 Kg7 38. Rxf6 Qxf6 39. Qg4+ Qg6 40. Qxc8 Qe4+ 41. Kh3 h5 42. Qc3+ Kg6 43. Qd4 Qh1 44. Qd6+ f6 45. Qf4 Qf1+ 46. Kh4 Qh1 47. Kh3 Qf1+ 48. Kh4 Qh1 49. h3 Qd5 50. g4 hxg4 51. Qxg4+ Kh6 52. Qf4+ Kg6 53. e4 Qd4 54. Qf5+ Kg7 55. Kh5 Qd6 56. Qg6+ Kf8 57. Qh6+ Kg8 58. Qg6+ Kf8 59. f4 Qd4 60. Qf5 Ke7 61. Kh6 Qc4 62. h4 Qa2 63. Qc5+ Ke8 64. Qc6+ Ke7 65. Qc7+ Ke8 66. Qd6 Qb2 67. e5 f5 68. Qg6+ Kf8 69. Qg7+ Ke8 70. e6 Qf6+ 71. Qg6+ 1-0

[Event "CHN-chT"]
[Site "Liaocheng"]
[Date "2021.10.27"]
[Round "8.4"]
[White "Wu, Hao"]
[Black "Zhao, Zhouqiao"]
[Result "1/2-1/2"]
[WhiteElo "1995"]
[BlackElo "2194"]
[PlyCount "108"]
[EventDate "2021.10.20"]
[EventType "team-swiss"]
[EventRounds "9"]
[EventCountry "CHN"]
[SourceTitle "CBM 204 Extra"]
[Source "ChessBase"]
[SourceDate "2021.11.30"]
[SourceVersion "1"]
[SourceVersionDate "2021.11.30"]
[SourceQuality "1"]
[WhiteTeam "Jiangsu"]
[BlackTeam "Tianjin"]
[WhiteTeamCountry "CHN"]
[BlackTeamCountry "CHN"]

1. e4 e5 2. Nc3 Nf6 3. Bc4 Bb4 4. d3 0-0 5. Nge2 d5 6. exd5 Nxd5 7. 0-0 Nb6 8. Bb3 Nc6 9. Ne4 Na5 10. c3 Nxb3 11. axb3 Be7 12. f4 exf4 13. Nxf4 Nd5 14. Qf3 Nxf4 15. Bxf4 Be6 16. Qg3 Bh4 17. Qe3 a5 18. b4 axb4 19. Rxa8 Qxa8 20. Bxc7 bxc3 21. bxc3 Be7 22. Qg3 f6 23. c4 Qa7+ 24. Qf2 Qa3 25. Qb6 Bg4 26. h3 Qxd3 27. Nf2 Qxc4 28. hxg4 Bc5 29. Qxb7 Rf7 30. Qa8+ Rf8 31. Qa5 Bxf2+ 32. Rxf2 Qxg4 33. Qd5+ Kh8 34. Rf4 Qg6 35. Re4 h6 36. Kh2 Re8 37. Rxe8+ Qxe8 38. Qd8 Qxd8 39. Bxd8 Kh7 40. Kg3 Kg6 41. Kg4 h5+ 42. Kf4 Kf7 43. Kf5 g6+ 44. Kf4 Ke6 45. Ke4 Kf7 46. Ba5 Ke6 47. Bc3 Kf7 48. Bb2 Ke6 49. Bd4 Kf7 50. Kd5 g5 51. Bf2 Kg6 52. Ke6 h4 53. Be1 Kh5 54. Kf5 g4 1/2-1/2

[Event "CHN-chT"]
[Site "Liaocheng"]
[Date "2021.10.24"]
[Round "5.4"]
[White "Zhao, Zhouqiao"]
[Black "Li, Shanglin B"]
[Result "1/2-1/2"]
[WhiteElo "2194"]
[BlackElo "2184"]
[PlyCount "63"]
[EventDate "2021.10.20"]
[EventType "team-swiss"]
[EventRounds "9"]
[EventCountry "CHN"]
[SourceTitle "CBM 204 Extra"]
[Source "ChessBase"]
[SourceDate "2021.11.30"]
[SourceVersion "1"]
[SourceVersionDate "2021.11.30"]
[SourceQuality "1"]
[WhiteTeam "Tianjin"]
[BlackTeam "Guangdong"]
[WhiteTeamCountry "CHN"]
[BlackTeamCountry "CHN"]

1. Nf3 d5 2. c4 c6 3. b3 Nf6 4. Bb2 g6 5. g3 Bg7 6. Bg2 0-0 7. 0-0 a5 8. Nc3 Ne4 9. d4 Nxc3 10. Bxc3 Bf5 11. e3 Be4 12. Bh3 Nd7 13. Ng5 Nf6 14. Qe2 h6 15. Nxe4 Nxe4 16. Qc2 Nxc3 17. Qxc3 e6 18. Bg2 Re8 19. Rac1 h5 20. Rfd1 Qe7 21. a4 Reb8 22. Qd3 Qe8 23. Bf1 Bf8 24. e4 dxe4 25. Qxe4 Rd8 26. Bg2 Rd7 27. Rd3 Qe7 28. Rcd1 Rad8 29. d5 exd5 30. Qxe7 Bxe7 31. cxd5 cxd5 32. Rxd5 1/2-1/2

[Event "CHN-chT"]
[Site "Daqing"]
[Date "2019.06.27"]
[Round "9.4"]
[White "Mi, Tenglong"]
[Black "Zhao, Zhouqiao"]
[Result "1/2-1/2"]
[WhiteElo "1692"]
[BlackElo "2215"]
[PlyCount "83"]
[EventDate "2019.06.19"]
[EventType "team-swiss"]
[EventRounds "9"]
[EventCountry "CHN"]
[SourceTitle "CBM 191 Extra"]
[Source "ChessBase"]
[SourceDate "2019.09.30"]
[SourceVersion "1"]
[SourceVersionDate "2019.09.30"]
[SourceQuality "1"]
[WhiteTeam "Hebei"]
[BlackTeam "Tianjin"]
[WhiteTeamCountry "CHN"]
[BlackTeamCountry "CHN"]

1. e4 e5 2. f4 Qh4+ 3. g3 Qe7 4. fxe5 d6 5. Nc3 dxe5 6. Bc4 Be6 7. Nd5 Qd6 8. d3 Nc6 9. Bd2 h5 10. Nf3 Nge7 11. Ne3 f6 12. Qe2 Bxc4 13. Nxc4 Qe6 14. Ne3 0-0-0 15. h4 a6 16. b4 Nd4 17. Nxd4 exd4 18. Ng2 Qd6 19. Nf4 Nc6 20. Rb1 Ne5 21. Nxh5 Qc6 22. Rb2 f5 23. Nf4 g5 24. Nd5 gxh4 25. Rxh4 Rxh4 26. gxh4 fxe4 27. dxe4 Nc4 28. Rb3 Nxd2 29. Qxd2 Re8 30. Qxd4 Qxc2 31. Rd3 Bd6 32. Nf6 Rd8 33. Rd2 Bg3+ 34. Ke2 Rxd4 35. Rxc2 Be5 36. Nd5 Rxe4+ 37. Kf3 Rd4 38. Nb6+ Kb8 39. Re2 Rf4+ 40. Kg2 cxb6 41. Rxe5 Rxh4 42. a3 1/2-1/2

[Event "CHN-chT"]
[Site "Daqing"]
[Date "2019.06.25"]
[Round "7.1"]
[White "Xu, Yining"]
[Black "Zhao, Zhouqiao"]
[Result "1-0"]
[WhiteElo "2359"]
[BlackElo "2215"]
[PlyCount "95"]
[EventDate "2019.06.19"]
[EventType "team-swiss"]
[EventRounds "9"]
[EventCountry "CHN"]
[SourceTitle "CBM 191 Extra"]
[Source "ChessBase"]
[SourceDate "2019.09.30"]
[SourceVersion "1"]
[SourceVersionDate "2019.09.30"]
[SourceQuality "1"]
[WhiteTeam "Shanghai"]
[BlackTeam "Tianjin"]
[WhiteTeamCountry "CHN"]
[BlackTeamCountry "CHN"]

1. e4 e5 2. Nf3 Nc6 3. Bb5 a6 4. Ba4 Nf6 5. 0-0 Be7 6. d3 b5 7. Bb3 d6 8. a4 Bb7 9. Nbd2 0-0 10. Re1 Nd7 11. c3 Bf6 12. Nf1 Na5 13. Ba2 c5 14. Ne3 Nb6 15. b4 cxb4 16. cxb4 Nc6 17. a5 Nd7 18. Bd2 Ne7 19. Rc1 Rc8 20. Qb3 h6 21. h4 Kh7 22. Rxc8 Qxc8 23. Rc1 Qb8 24. h5 Ng8 25. Qc2 Bd8 26. Bd5 Ne7 27. Bxb7 Qxb7 28. Nh4 g6 29. Qb3 Nc6 30. Nf3 Ndb8 31. Ng4 g5 32. Qc2 f6 33. Ne3 Qf7 34. g4 Qe6 35. Nf5 Rf7 36. Qb2 Rc7 37. Nh2 Na7 38. Rxc7+ Bxc7 39. Nf1 Nac6 40. N1e3 Bd8 41. Nd5 Nd4 42. Be3 Nxf5 43. gxf5 Qe8 44. Bb6 Qxh5 45. Qc2 Qe8 46. Qc8 Qh5 47. Ne3 Be7 48. Qxb8 1-0

[Event "CHN-chT"]
[Site "Daqing"]
[Date "2019.06.22"]
[Round "4.2"]
[White "Zhao, Zhouqiao"]
[Black "Huang, Renjie"]
[Result "1/2-1/2"]
[WhiteElo "2215"]
[BlackElo "2327"]
[PlyCount "87"]
[EventDate "2019.06.19"]
[EventType "team-swiss"]
[EventRounds "9"]
[EventCountry "CHN"]
[SourceTitle "CBM 191 Extra"]
[Source "ChessBase"]
[SourceDate "2019.09.30"]
[SourceVersion "1"]
[SourceVersionDate "2019.09.30"]
[SourceQuality "1"]
[WhiteTeam "Tianjin"]
[BlackTeam "Shandong"]
[WhiteTeamCountry "CHN"]
[BlackTeamCountry "CHN"]

1. d4 d5 2. c4 c6 3. Nf3 Nf6 4. e3 e6 5. b3 Nbd7 6. Bd3 Bd6 7. Bb2 0-0 8. 0-0 Re8 9. Ne5 c5 10. Nd2 cxd4 11. exd4 dxc4 12. Ndxc4 Nb6 13. Nxd6 Qxd6 14. Qf3 Qd5 15. Qxd5 Nbxd5 16. Rfc1 a6 17. Nc4 Rd8 18. Nd2 Bd7 19. Ne4 Nxe4 20. Bxe4 Bc6 21. Bxd5 Rxd5 22. f3 Rad8 23. Rc2 g5 24. Rac1 Kg7 25. Rc5 Kf6 26. Kf2 h5 27. Ke3 g4 28. Rxd5 Bxd5 29. Ba3 gxf3 30. gxf3 Rg8 31. Kf2 h4 32. Rg1 Rxg1 33. Kxg1 Bxf3 34. Kf2 Be4 35. Bd6 Bb1 36. a3 Bc2 37. b4 Kf5 38. Ke3 f6 39. Bc7 e5 40. dxe5 fxe5 41. Bd8 h3 42. Bc7 Ke6 43. b5 axb5 44. Ba5 1/2-1/2

[Event "CHN-ch blitz"]
[Site "Tianjin"]
[Date "2018.06.08"]
[Round "7"]
[White "Xiang, Zeyu"]
[Black "Zhao, Zhouqiao"]
[Result "0-1"]
[WhiteElo "2423"]
[BlackElo "2223"]
[PlyCount "55"]
[EventDate "2018.06.07"]
[EventType "swiss (blitz)"]
[EventRounds "9"]
[EventCountry "CHN"]
[SourceTitle "CBM 184 Extra"]
[Source "ChessBase"]
[SourceDate "2018.06.28"]
[SourceVersion "1"]
[SourceVersionDate "2018.06.28"]
[SourceQuality "1"]

1. d4 d5 2. c4 dxc4 3. e3 a6 4. Bxc4 e6 5. Nf3 Nf6 6. 0-0 Be7 7. Nc3 b5 8. Be2 Bb7 9. b3 0-0 10. Bb2 Nbd7 11. Rc1 c5 12. Qc2 Rc8 13. Qb1 Qb6 14. Rfd1 Rfd8 15. Qa1 cxd4 16. Nxd4 Nc5 17. h3 Bf8 18. Bf1 Nce4 19. Nxe4 Nxe4 20. a4 b4 21. a5 Qa7 22. Rc4 Bd5 23. Rxc8 Rxc8 24. Rc1 Nc5 25. Qa2 Qa8 26. Ba1 e5 27. Nf5 Nxb3 28. Rxc8 0-1

[Event "CHN-ch blitz"]
[Site "Tianjin"]
[Date "2018.06.08"]
[Round "6"]
[White "Zhao, Zhouqiao"]
[Black "Ye, Rongguang"]
[Result "0-1"]
[WhiteElo "2223"]
[BlackElo "2461"]
[PlyCount "114"]
[EventDate "2018.06.07"]
[EventType "swiss (blitz)"]
[EventRounds "9"]
[EventCountry "CHN"]
[SourceTitle "CBM 184 Extra"]
[Source "ChessBase"]
[SourceDate "2018.06.28"]
[SourceVersion "1"]
[SourceVersionDate "2018.06.28"]
[SourceQuality "1"]

1. d4 d5 2. Bf4 e6 3. e3 Bd6 4. Bg3 f5 5. c4 c6 6. Nf3 Nf6 7. Nbd2 0-0 8. Bxd6 Qxd6 9. Ne5 Nbd7 10. Nxd7 Bxd7 11. Be2 f4 12. 0-0 e5 13. dxe5 Qxe5 14. exf4 Qxf4 15. cxd5 Nxd5 16. Nf3 Rad8 17. Qd4 Qxd4 18. Nxd4 Kh8 19. Rfe1 c5 20. Nb3 b6 21. Rac1 Ba4 22. Bc4 Nb4 23. Na1 b5 24. a3 bxc4 25. axb4 cxb4 26. Rxc4 a5 27. b3 Bb5 28. Rc2 Rd3 29. h3 h6 30. Re5 Rd1+ 31. Kh2 Bd3 32. Ra2 Bb1 33. Raxa5 Rxf2 34. Re8+ Kh7 35. Re3 Ba2 36. Rg3 Rxa1 37. Ra7 Kh8 38. Rgxg7 Bxb3 39. Rh7+ Kg8 40. Rhg7+ Kf8 41. Rxa1 Kxg7 42. Rb1 Bd5 43. Kg3 Rxg2+ 44. Kf4 Rh2 45. Ke5 Bf7 46. Rxb4 Rxh3 47. Rg4+ Kf8 48. Rf4 Rh5+ 49. Kf6 Ra5 50. Rb4 Ra6+ 51. Kf5 Kg7 52. Rg4+ Rg6 53. Rb4 h5 54. Rb7 h4 55. Rb4 h3 56. Rh4 Be6+ 57. Kf4 Rh6 0-1

[Event "CHN-ch blitz"]
[Site "Tianjin"]
[Date "2018.06.07"]
[Round "4"]
[White "Zhao, Zhouqiao"]
[Black "Zhao, Jun"]
[Result "0-1"]
[WhiteElo "2223"]
[BlackElo "2611"]
[PlyCount "94"]
[EventDate "2018.06.07"]
[EventType "swiss (blitz)"]
[EventRounds "9"]
[EventCountry "CHN"]
[SourceTitle "CBM 184 Extra"]
[Source "ChessBase"]
[SourceDate "2018.06.28"]
[SourceVersion "1"]
[SourceVersionDate "2018.06.28"]
[SourceQuality "1"]

1. d4 Nf6 2. Nf3 g6 3. Bf4 Bg7 4. c3 d6 5. h3 0-0 6. e3 Nc6 7. Be2 Nd7 8. 0-0 e5 9. Bh2 f5 10. b4 e4 11. Nfd2 Nf6 12. b5 Ne7 13. c4 g5 14. Nc3 Ng6 15. Kh1 Qe7 16. Qc2 Be6 17. a4 Rae8 18. Rae1 Bc8 19. Bd1 Kh8 20. Nd5 Nxd5 21. cxd5 Qf7 22. Bh5 Re7 23. Qb3 Qf6 24. f3 exf3 25. Rxf3 Nh4 26. Rf2 f4 27. e4 Qxd4 28. Ref1 Rg8 29. Nf3 Nxf3 30. Bxf3 Qf6 31. Rc2 Qf7 32. Qd3 Be5 33. Qe2 Rg7 34. Rfc1 Qe8 35. Bg1 b6 36. Bf2 Qg8 37. Bg4 Bxg4 38. hxg4 h5 39. Qf3 Rh7 40. Kg1 Qc8 41. a5 hxg4 42. Qb3 g3 43. axb6 gxf2+ 44. Kxf2 Bd4+ 45. Ke2 Bxb6 46. Qf3 Qe8 47. Kd3 Qxb5+ 0-1

[Event "CHN-ch rapid"]
[Site "Tianjin"]
[Date "2018.06.06"]
[Round "3"]
[White "Zhao, Zhouqiao"]
[Black "Wan, Yunguo"]
[Result "0-1"]
[WhiteElo "2223"]
[BlackElo "2499"]
[PlyCount "96"]
[EventDate "2018.06.06"]
[EventType "swiss (rapid)"]
[EventRounds "9"]
[EventCountry "CHN"]
[SourceTitle "CBM 184 Extra"]
[Source "ChessBase"]
[SourceDate "2018.06.28"]
[SourceVersion "1"]
[SourceVersionDate "2018.06.28"]
[SourceQuality "1"]

1. d4 Nf6 2. Nf3 g6 3. Bf4 Bg7 4. c3 c5 5. e3 0-0 6. h3 cxd4 7. cxd4 Qb6 8. Qc1 Nd5 9. Bh2 d6 10. Nc3 Nxc3 11. bxc3 Bf5 12. Qd2 Rc8 13. Be2 Nd7 14. 0-0 Nf6 15. c4 Ne4 16. Qe1 Qb2 17. Rb1 Qxa2 18. Rxb7 Rab8 19. Qb1 Qxb1 20. Rfxb1 Rxb7 21. Rxb7 Ra8 22. Bd3 a5 23. Rb3 Nc5 24. dxc5 a4 25. Ra3 Bxd3 26. cxd6 exd6 27. Bxd6 Bxc4 28. Nd4 Bf8 29. Bxf8 Kxf8 30. Rc3 Bd5 31. Rc5 Be6 32. Nxe6+ fxe6 33. Rc2 a3 34. Ra2 Ke7 35. Kf1 Kd6 36. Ke1 Kc5 37. Kd2 Kb4 38. Kc2 Rd8 39. Ra1 Rc8+ 40. Kd3 Rc3+ 41. Kd4 Rc2 42. f4 Rxg2 43. Ke5 Re2 44. e4 a2 45. Kxe6 Rxe4+ 46. Kf7 Rxf4+ 47. Kg7 Kb3 48. Kxh7 Rh4+ 0-1

[Event "CHN Team"]
[Site "Beijing"]
[Date "2017.06.11"]
[Round "6.6"]
[White "Wu, Kaitao"]
[Black "Zhao, Zhouqiao"]
[Result "1/2-1/2"]
[WhiteElo "1923"]
[BlackElo "2237"]
[PlyCount "139"]
[EventDate "2017.06.06"]
[EventType "team-swiss"]
[EventRounds "9"]
[EventCountry "CHN"]
[SourceTitle "CBM 178 Extra"]
[Source "ChessBase"]
[SourceDate "2017.06.22"]
[SourceVersion "1"]
[SourceVersionDate "2017.06.22"]
[SourceQuality "1"]
[WhiteTeam "Zhejiang"]
[BlackTeam "Tianjin"]
[WhiteTeamCountry "CHN"]
[BlackTeamCountry "CHN"]

1. e4 d5 2. exd5 Qxd5 3. Nc3 Qd6 4. Nf3 Nf6 5. d4 c6 6. Be3 Bf5 7. Qd2 e6 8. Be2 Nbd7 9. a3 Qc7 10. Bf4 Bd6 11. Bxd6 Qxd6 12. h3 Ne4 13. Nxe4 Bxe4 14. 0-0-0 Bxf3 15. Bxf3 0-0-0 16. Rhe1 h6 17. Kb1 Kb8 18. Qd3 Nf6 19. Qe3 Qc7 20. c3 Rd6 21. Qe2 Rhd8 22. Qe5 Ka8 23. Rd2 Ne8 24. Qe3 Kb8 25. Red1 Kc8 26. Kc1 R6d7 27. Be4 Nf6 28. Bf3 Qa5 29. Qd3 Rd6 30. g4 Nd7 31. c4 Ne5 32. Qe2 Ng6 33. Qe3 Qg5 34. Be4 Nf4 35. Kb1 Kb8 36. Qb3 Ka8 37. Ka1 R6d7 38. Qg3 Qf6 39. h4 g5 40. hxg5 hxg5 41. Qc3 Kb8 42. f3 Ka8 43. Qb4 Qe7 44. Qc3 Qf8 45. Qc2 Qh8 46. Qc3 Kb8 47. Qb3 Ka8 48. d5 cxd5 49. cxd5 exd5 50. Bxd5 Nxd5 51. Rxd5 Rxd5 52. Rxd5 Rxd5 53. Qxd5 Qf6 54. Qc5 a6 55. Qc8+ Ka7 56. Qc5+ Kb8 57. Qf8+ Kc7 58. Qc5+ Kd8 59. Qd5+ Kc8 60. Qc5+ Kd7 61. Qd5+ Kc7 62. Qc5+ Qc6 63. Qe7+ Qd7 64. Qc5+ Kb8 65. Qf8+ Ka7 66. Qc5+ Ka8 67. Qf8+ Ka7 68. Qc5+ Kb8 69. Qf8+ Ka7 70. Qc5+ 1/2-1/2

[Event "CHN Team"]
[Site "Beijing"]
[Date "2017.06.09"]
[Round "4.4"]
[White "Zhao, Zhouqiao"]
[Black "Liu, Chang"]
[Result "1/2-1/2"]
[WhiteElo "2237"]
[BlackElo "2345"]
[PlyCount "113"]
[EventDate "2017.06.06"]
[EventType "team-swiss"]
[EventRounds "9"]
[EventCountry "CHN"]
[SourceTitle "CBM 178 Extra"]
[Source "ChessBase"]
[SourceDate "2017.06.22"]
[SourceVersion "1"]
[SourceVersionDate "2017.06.22"]
[SourceQuality "1"]
[WhiteTeam "Tianjin"]
[BlackTeam "Guangdong"]
[WhiteTeamCountry "CHN"]
[BlackTeamCountry "CHN"]

1. d4 Nf6 2. Nf3 d5 3. c4 c6 4. e3 Bf5 5. Nc3 e6 6. Bd3 Bxd3 7. Qxd3 Nbd7 8. 0-0 Bd6 9. e4 dxe4 10. Nxe4 Nxe4 11. Qxe4 0-0 12. Bg5 Be7 13. Bf4 Re8 14. Rfd1 Nf8 15. Rd3 Ng6 16. Bd2 Rc8 17. g3 b5 18. c5 a5 19. h4 a4 20. h5 Nf8 21. b3 axb3 22. Rxb3 Qd5 23. Qxd5 exd5 24. a4 bxa4 25. Rxa4 Ne6 26. Be3 Ra8 27. Rxa8 Rxa8 28. Rb6 Rc8 29. Ne5 Nd8 30. Ra6 f6 31. Nd3 Rb8 32. Ra7 Kf7 33. Bf4 Rb7 34. Ra3 g6 35. hxg6+ hxg6 36. Be3 Ke8 37. Ra6 g5 38. g4 Kd7 39. Kg2 Ne6 40. Ra4 Bd8 41. Kf3 Bc7 42. Ra1 Bd8 43. Nc1 Bc7 44. Ne2 Rb4 45. Rh1 Rc4 46. Rh7+ Ke8 47. Rh8+ Kd7 48. Rh6 Ke7 49. Rh7+ Ke8 50. Rh1 Rb4 51. Rd1 Kd7 52. Ra1 Bb8 53. Ra8 Nc7 54. Ra1 Ne6 55. Rh1 Bc7 56. Rh5 Rc4 57. Rh7+ 1/2-1/2

[Event "CHN Team"]
[Site "Wuxi"]
[Date "2016.08.03"]
[Round "8.4"]
[White "Qu, Yanqiao"]
[Black "Zhao, Zhouqiao"]
[Result "0-1"]
[WhiteElo "2186"]
[BlackElo "2204"]
[PlyCount "100"]
[EventDate "2016.07.28"]
[EventType "team-swiss"]
[EventRounds "9"]
[EventCountry "CHN"]
[SourceTitle "CBM 173 Extra"]
[Source "ChessBase"]
[SourceDate "2016.08.29"]
[SourceVersion "1"]
[SourceVersionDate "2016.08.29"]
[SourceQuality "1"]
[WhiteTeam "Heilongjiang Qipai"]
[BlackTeam "Tianjing Chunhua"]
[WhiteTeamCountry "CHN"]
[BlackTeamCountry "CHN"]

1. e4 e5 2. Nf3 Nc6 3. c3 Nf6 4. d4 d6 5. Bd3 Be7 6. 0-0 0-0 7. h3 Re8 8. Be3 Bf8 9. Nbd2 g6 10. Rc1 Nh5 11. Re1 Nf4 12. Bf1 Qf6 13. d5 Nb8 14. c4 c5 15. Nh2 Qg7 16. a3 a5 17. Nb1 Bd7 18. Nc3 Na6 19. Qf3 g5 20. g3 Qg6 21. Bd2 Nh5 22. Nd1 b6 23. Ne3 Nf6 24. Nhg4 Be7 25. Nf5 Bxf5 26. exf5 Qg7 27. Bd3 Nc7 28. a4 Nxg4 29. Qxg4 Bf6 30. Re4 Kf8 31. Rce1 Ke7 32. Qh5 Kd7 33. Rg4 h6 34. Rge4 Kc8 35. Bc3 Kb7 36. Kf1 Rh8 37. R4e3 Rhe8 38. Be4 Reb8 39. Qd1 Ka7 40. Qd2 Rb7 41. Qd1 Rh8 42. Bf3 Rbb8 43. Re4 Rbd8 44. Qd2 Rb8 45. Qd1 Qh7 46. g4 Qg7 47. Kg2 Qf8 48. Rh1 Qd8 49. Re3 e4 50. Bxf6 exf3+ 0-1

[Event "CHN Team"]
[Site "Wuxi"]
[Date "2016.07.30"]
[Round "4.3"]
[White "Zhao, Zhouqiao"]
[Black "Zhou, Jiangnan"]
[Result "1-0"]
[WhiteElo "2204"]
[BlackElo "2161"]
[PlyCount "91"]
[EventDate "2016.07.28"]
[EventType "team-swiss"]
[EventRounds "9"]
[EventCountry "CHN"]
[SourceTitle "CBM 173 Extra"]
[Source "ChessBase"]
[SourceDate "2016.08.29"]
[SourceVersion "1"]
[SourceVersionDate "2016.08.29"]
[SourceQuality "1"]
[WhiteTeam "Tianjing Chunhua"]
[BlackTeam "Qingdao"]
[WhiteTeamCountry "CHN"]
[BlackTeamCountry "CHN"]

1. c4 c5 2. Nc3 g6 3. g3 Bg7 4. Bg2 Nc6 5. e3 e5 6. Nge2 d6 7. Nd5 Bg4 8. h3 Be6 9. d3 h5 10. h4 Nge7 11. Nxe7 Qxe7 12. Nc3 0-0 13. 0-0 Rab8 14. a3 Qd7 15. Rb1 a6 16. Qa4 Rfc8 17. Nd5 Qd8 18. b4 cxb4 19. axb4 Ne7 20. Bd2 Nxd5 21. Bxd5 Bh3 22. Rfc1 g5 23. Qd1 Bg4 24. Bf3 f5 25. Bd5+ Kh8 26. f3 gxh4 27. fxg4 fxg4 28. Qe2 hxg3 29. Kg2 Qg5 30. e4 Qg6 31. Rf1 Rf8 32. Rxf8+ Rxf8 33. Rf1 Bf6 34. Be6 Kg7 35. Qe3 h4 36. Qe2 h3+ 37. Kxg3 Bh4+ 38. Kxh4 h2 39. Kg3 Rxf1 40. Qxf1 Qh5 41. Bh6+ Kh7 42. Qf5+ Kxh6 43. Qxh5+ Kxh5 44. Kxh2 Kh4 45. Bc8 b6 46. Bxa6 1-0

[Event "CHN Team"]
[Site "Wuxi"]
[Date "2016.07.28"]
[Round "1.4"]
[White "Zhou, Junfeng"]
[Black "Zhao, Zhouqiao"]
[Result "1/2-1/2"]
[WhiteElo "2022"]
[BlackElo "2204"]
[PlyCount "76"]
[EventDate "2016.07.28"]
[EventType "team-swiss"]
[EventRounds "9"]
[EventCountry "CHN"]
[SourceTitle "CBM 173 Extra"]
[Source "ChessBase"]
[SourceDate "2016.08.29"]
[SourceVersion "1"]
[SourceVersionDate "2016.08.29"]
[SourceQuality "1"]
[WhiteTeam "Shanghai"]
[BlackTeam "Tianjing Chunhua"]
[WhiteTeamCountry "CHN"]
[BlackTeamCountry "CHN"]

1. c4 e5 2. Nc3 Nf6 3. g3 Bb4 4. Bg2 0-0 5. Nf3 Nc6 6. 0-0 e4 7. Ng5 Bxc3 8. bxc3 Re8 9. f3 e3 10. dxe3 Qe7 11. e4 Qc5+ 12. Kh1 h6 13. Nh3 Qxc4 14. Qd3 Ne5 15. Qxc4 Nxc4 16. Nf4 b6 17. Rd1 d6 18. Kg1 Bb7 19. Kf2 Re7 20. Nd5 Nxd5 21. exd5 Rae8 22. e4 f5 23. Bf1 Na5 24. exf5 Re5 25. c4 Ba6 26. Bb2 Rxf5 27. Rac1 Rf7 28. Rd4 Bc8 29. Bc3 Nb7 30. Re1 Rxe1 31. Bxe1 Bf5 32. g4 Bb1 33. a3 Nc5 34. Bb4 Nd7 35. Bd2 Nc5 36. Bb4 Nd7 37. Bd2 Nc5 38. Bb4 Nd7 1/2-1/2

[Event "Zhongshan zt 3.5"]
[Site "Zhongshan"]
[Date "2014.10.30"]
[Round "5"]
[White "Peng, Hongchi"]
[Black "Zhao, Zhouqiao"]
[Result "1/2-1/2"]
[WhiteElo "2144"]
[BlackElo "2228"]
[PlyCount "70"]
[EventDate "2014.10.26"]
[EventType "swiss"]
[EventRounds "11"]
[EventCountry "CHN"]
[SourceTitle "EXT 2015"]
[Source "ChessBase"]
[SourceDate "2014.11.20"]
[SourceVersion "1"]
[SourceVersionDate "2014.11.20"]
[SourceQuality "1"]

1. e4 e5 2. Nf3 Nc6 3. Bb5 Nf6 4. 0-0 Nxe4 5. d4 Nd6 6. Bxc6 dxc6 7. dxe5 Nf5 8. Qxd8+ Kxd8 9. h3 Ke8 10. c4 Be6 11. b3 Rd8 12. Nc3 Be7 13. Bg5 Rd3 14. Bxe7 Kxe7 15. Ne2 Rxf3 16. gxf3 Nh4 17. Kh2 Nxf3+ 18. Kg3 Nd2 19. Rfd1 Ne4+ 20. Kg2 h5 21. Rd4 Nc5 22. h4 Nd7 23. f4 Bg4 24. Ng3 g6 25. Rf1 Ke6 26. Rf2 a5 27. Nf1 Bf5 28. Kf3 Ra8 29. Ne3 Ke7 30. Nxf5+ gxf5 31. Rg2 Nc5 32. Rd1 Ne6 33. Ke3 c5 34. a4 Rh8 35. Rd3 Ra8 1/2-1/2

[Event "Asia-ch U18"]
[Site "Hikkaduwa"]
[Date "2012.06.27"]
[Round "4.4"]
[White "Zhao, Zhouqiao"]
[Black "Navalgund, Niranjan"]
[Result "1/2-1/2"]
[WhiteElo "2159"]
[BlackElo "2192"]
[PlyCount "60"]
[EventDate "2012.06.26"]
[EventType "swiss"]
[EventRounds "9"]
[EventCountry "SRI"]
[SourceTitle "EXT 2024"]
[Source "ChessBase"]
[SourceDate "2023.10.10"]
[SourceVersion "1"]
[SourceVersionDate "2023.10.10"]
[SourceQuality "1"]

1. d4 Nf6 2. c4 g6 3. Nc3 Bg7 4. e4 d6 5. Nf3 0-0 6. Be2 Na6 7. Bg5 Qe8 8. 0-0 e5 9. d5 Nc5 10. Nd2 a5 11. b3 h6 12. Be3 Nh7 13. a3 f5 14. f3 f4 15. Bf2 b6 16. b4 Nb7 17. Nb5 Rf7 18. c5 bxc5 19. bxc5 dxc5 20. a4 Bf8 21. Qc2 g5 22. Nc4 g4 23. fxg4 Rg7 24. Qc3 Nf6 25. Bf3 Bxg4 26. Kh1 Bd6 27. Bh4 Nh7 28. h3 Bxf3 29. Qxf3 Ng5 30. Bxg5 hxg5 1/2-1/2